Normal view
MARC view
Entry Personal Name
001 - CONTROL NUMBER
- control field: 6553
003 - CONTROL NUMBER IDENTIFIER
- control field: OSt
005 - DATE AND TIME OF LATEST TRANSACTION
- control field: 20120406203315.0
008 - FIXED-LENGTH DATA ELEMENTS
- fixed length control field: 120406|||a|||||| | ||| d
040 ## - CATALOGING SOURCE
- Original cataloging agency: OSt
- Transcribing agency: OSt
100 ## - HEADING--PERSONAL NAME
- Personal name: Bakibinga David
- Dates associated with a name: 2011
670 ## - SOURCE DATA FOUND
- Source citation: Work cat.: (OSt): BAKIBINGA DAVID Equity and Trusts 2011 6552, Equity and Trusts, 2011
